000 00816aam a2200289 i 4500
001 340
003 CO-MdBIC
005 20211002085051.0
008 211002t1997 sp ||||| |||| 00| 0 eng d
020 _a84-7764-740-2
040 _bspa.
_aCO-MdFUSB
_cCO-MdFUSB
_dCO-MdFUSBC
_erda
041 _aspa
082 0 4 _aR 413.1 G535d
245 1 0 _aDiccionario Océano de sinónimos y antónimos / Carlos Gispert, Director
_c/
260 _aBarcelona, España : Océano
264 1 _aBarcelona, España :
_bOcéano,
_c[1997]
264 4 _c© 1997
300 _a1004 Pág.
_c;
336 _2rdacontent
_atexto
_btxt
337 _2rdamedia
_asin mediación
_bn
338 _2rdacarrier
_avolumen
_bnc
653 _aDiccionario
653 _aSinónimos
653 _aAntónimos
942 _cBK
945 _aEstudiante
999 _c31876
_d31876